[Event "Blitz 'til your eyes bleed!"]
[Site "SchemingMind.com"]
[Date "2014.08.06"]
[Round "-"]
[White "Scooter"]
[Black "kenneth m day"]
[Result "1/2-1/2"]
[WhiteCountry "USA"]
[BlackCountry "USA"]
[WhiteElo "1759"]
[WhiteRD "45"]
[BlackElo "1754"]
[BlackRD "50"]
[GameID "362687"]

1. d4 d5 2. Nf3 Nf6 3. Bf4 Bg4 4. Nbd2 e6 5. e3 Bd6 6. Bxd6 Qxd6 7. c3 O-O 8. Be2 Nbd7 9. O-O c5 10. h3 Bh5
11. Re1 cxd4 12. cxd4 Rac8 13. a3 h6 14. Rc1 Ne4 15. Nxe4 dxe4 16. Nd2 Bxe2 17. Qxe2 f5 18. b4 Nb6 19. Nc4 Nxc4 20. Rxc4 Qd5
21. Rec1 Rxc4 22. Rxc4 b6 23. Qc2 e5 24. dxe5 Qxe5 25. Qb3 Kh7 26. Rd4 Rc8 27. g3 Rc1+ 28. Kg2 Qb5 29. Rd1 Qc4=
1/2-1/2

[Event "Blitz 'til your eyes bleed!"]
[Site "SchemingMind.com"]
[Date "2014.08.06"]
[Round "-"]
[White "kenneth m day"]
[Black "Scooter"]
[Result "1-0"]
[WhiteCountry "USA"]
[BlackCountry "USA"]
[WhiteElo "1754"]
[WhiteRD "50"]
[BlackElo "1759"]
[BlackRD "45"]
[GameID "362688"]

1. e4 c6 2. d4 d5 3. e5 Bf5 4. Nf3 e6 5. Nc3 Bb4 6. Bd2 Ne7 7. Nh4 Nd7 8. Nxf5 Nxf5 9. Qg4 h6 10. Bd3 Bxc3
11. Bxc3 Qg5 12. Qxg5 hxg5 13. O-O-O O-O-O 14. g4 Ne7 15. Bd2 f6 16. exf6 gxf6 17. f4 gxf4 18. Bxf4 e5 19. dxe5 fxe5 20. Bg5 Rde8
21. h4 e4 22. Bf1 Ne5 23. Bf6 Nxg4 24. Bxh8 Nf2 25. Bh3+ Kc7 26. Be5+ Kd8 27. Bf6 Nxd1 28. Rxd1 Kc7 29. Bg5 Kd6 30. Bg2 Rg8
31. Bxe4
1-0

[Event "Blitz 'til your eyes bleed!"]
[Site "SchemingMind.com"]
[Date "2014.08.07"]
[Round "-"]
[White "SAMAEL"]
[Black "kenneth m day"]
[Result "0-1"]
[WhiteCountry "CAN"]
[BlackCountry "USA"]
[WhiteElo "1763"]
[WhiteRD "52"]
[BlackElo "1708"]
[BlackRD "50"]
[GameID "362690"]

1. e4 e5 2. Nf3 Nc6 3. c4 Nf6 4. d3 Be7 5. Be2 O-O 6. O-O d6 7. Nc3 Bd7 8. Bd2 h6 9. h3 Nd4 10. Nxd4 exd4
11. Nd5 Nxd5 12. cxd5 c6 13. dxc6 Bxc6 14. f3 Bh4 15. Be1 Qg5 16. Bxh4 Qxh4 17. Qe1 Qg5 18. Rd1 Bd7 19. Kh2 Qe5+ 20. Qg3 Rac8
21. Qxe5 dxe5 22. g4 Rc2 23. Rfe1 Rxb2 24. a3 Rc8 25. Rb1 Rcc2 26. Rxb2 Rxb2 27. Kg3 Ra2 28. Bf1 Rxa3
0-1

[Event "Blitz 'til your eyes bleed!"]
[Site "SchemingMind.com"]
[Date "2014.08.09"]
[Round "-"]
[White "BigDoggProblem"]
[Black "David Carter"]
[Result "0-1"]
[WhiteCountry "USA"]
[BlackCountry "USA"]
[WhiteElo "1940"]
[WhiteRD "75"]
[BlackElo "2069"]
[BlackRD "77"]
[GameID "362798"]

1. e4 e5 2. Nf3 Nc6 3. Bb5 a6 4. Ba4 Nf6 5. O-O Nxe4 6. Re1 Nc5 7. Bxc6 dxc6 8. Nxe5 Be7 9. d4 Ne6 10. Be3 O-O
11. Nc3 f6 12. Nc4 Re8 13. Qe2 Nxd4 14. Bxd4 Qxd4 15. Rad1 Qg4 16. f3 Qg6 17. Qd2 Bf5 18. Ne3 Rad8 19. Qc1 Rxd1 20. Qxd1 Bc5
21. Qd2 Bxc2 22. Kh1 Qd3 23. Qxc2 Rxe3 24. Qb3+ Qd5 25. Qxd5+ cxd5 26. Rxe3 Bxe3 27. Nxd5 Bd4 28. Nxc7 Bxb2 29. Kg1 Kf7 30. Kf2 Be5
31. Nd5 Ke6 32. Nb4 a5 33. Nc2 Bd6 34. h3 Bc5+ 35. Ke2 Kd5 36. Kd3 b5 37. f4 b4 38. f5 a4 39. Na1 h5 40. g4 h4
41. Nc2 b3 42. axb3 axb3 43. Ne1 b2
0-1

[Event "Blitz 'til your eyes bleed!"]
[Site "SchemingMind.com"]
[Date "2014.08.09"]
[Round "-"]
[White "David Carter"]
[Black "BigDoggProblem"]
[Result "1-0"]
[WhiteCountry "USA"]
[BlackCountry "USA"]
[WhiteElo "2109"]
[WhiteRD "81"]
[BlackElo "1923"]
[BlackRD "83"]
[GameID "362799"]

1. d4 Nf6 2. c4 g6 3. Nc3 Bg7 4. e4 d6 5. f4 c5 6. dxc5 Qa5 7. Bd3 Qxc5 8. Qe2 Bg4 9. Nf3 O-O 10. Be3 Qc7
11. Rc1 Nc6 12. O-O Rac8 13. b3 a6 14. Nd5 Qb8 15. Nb6 Rcd8 16. h3 Bxf3 17. Qxf3 e6 18. c5 dxc5 19. Bxc5 Rfe8 20. e5 Nd5
21. Nxd5 exd5 22. Bb6 Rd7 23. Rfd1 f6 24. exf6 Bxf6 25. Bc4
1-0

[Event "Blitz 'til your eyes bleed!"]
[Site "SchemingMind.com"]
[Date "2014.08.13"]
[Round "-"]
[White "emvarela"]
[Black "David Carter"]
[Result "0-1"]
[WhiteCountry "ARG"]
[BlackCountry "USA"]
[WhiteElo "1633"]
[WhiteRD "47"]
[BlackElo "2069"]
[BlackRD "77"]
[GameID "362800"]

1. e4 e5 2. Nf3 Nc6 3. Bb5 a6 4. Bxc6 dxc6 5. O-O f6 6. d4 exd4 7. Nxd4 c5 8. Nf3 Qxd1 9. Rxd1 Bd7 10. Bf4 O-O-O
11. Nc3 g5 12. Bg3 h5 13. h3 h4 14. Bh2 g4 15. hxg4 Bxg4 16. Rxd8+ Kxd8 17. Rd1+ Kc8 18. Nd5 Rh7 19. c4 h3 20. Rd3 hxg2
21. Kxg2 Bd6 22. Bxd6 cxd6 23. Nf4 Kd7 24. Nh2 Be6 25. Nxe6 Kxe6 26. Rg3 Ne7 27. f4 f5 28. Nf3 Rh5 29. Ng5+ Kf6 30. exf5 Kxf5
31. Kf3 d5 32. cxd5 Nxd5 33. Nf7 Nxf4 34. Nd6+ Ke5 35. Nxb7 Ne6 36. b3 Rh2 37. a4 Rb2 38. Kg4 Kd5 39. Na5 Nd4 40. Nc4 Rxb3
41. Rxb3 Nxb3 42. Nb6+ Kd4 43. Kf3 c4 44. Ke2 c3 45. Kd1 Kd3
0-1

[Event "Blitz 'til your eyes bleed!"]
[Site "SchemingMind.com"]
[Date "2014.08.13"]
[Round "-"]
[White "David Carter"]
[Black "emvarela"]
[Result "1-0"]
[WhiteCountry "USA"]
[BlackCountry "ARG"]
[WhiteElo "2069"]
[WhiteRD "77"]
[BlackElo "1633"]
[BlackRD "47"]
[GameID "362801"]

1. d4 Nf6 2. c4 e6 3. Nc3 Bb4 4. f3 d5 5. a3 Bxc3+ 6. bxc3 dxc4 7. e4 O-O 8. Bxc4 Bd7 9. Ne2 b5 10. Bd3 a6
11. Bg5 h6 12. Bh4 g5 13. Bf2 Nc6 14. Qd2 Qe7 15. h4 Nh7 16. hxg5 Qxg5 17. Be3 Qe7 18. Bxh6 Rfe8 19. Rh3 e5 20. Rg3+
1-0

[Event "Blitz 'til your eyes bleed!"]
[Site "SchemingMind.com"]
[Date "2014.08.08"]
[Round "-"]
[White "Phillip Beckett"]
[Black "David Carter"]
[Result "0-1"]
[WhiteCountry "ENG"]
[BlackCountry "USA"]
[WhiteElo "1531"]
[WhiteRD "49"]
[BlackElo "2109"]
[BlackRD "81"]
[GameID "362802"]

1. e4 e5 2. Nf3 Nc6 3. Bb5 a6 4. Bxc6 dxc6 5. d4 exd4 6. Qxd4 Bg4 7. Qxd8+ Rxd8 8. Nbd2 Nh6 9. h3 Be6 10. O-O Be7
11. Nb3 c5 12. Bf4 Bd6 13. Bxd6 cxd6 14. Rad1 f6 15. Rfe1 Nf7 16. Nc1 O-O 17. a3 Rfe8 18. Nd3 g5 19. Nh2 Kg7 20. f3 Ne5
21. Nxe5 dxe5 22. Nf1 Kf7 23. Ne3 Ke7 24. Rxd8 Rxd8 25. Rd1 Rxd1+ 26. Nxd1 b5 27. Kf2 Kd6 28. Ke3 a5 29. Nc3 b4 30. axb4 cxb4
31. Ne2 a4 32. Ng3 a3 33. bxa3 bxa3 34. Ne2 a2
0-1

[Event "Blitz 'til your eyes bleed!"]
[Site "SchemingMind.com"]
[Date "2014.08.08"]
[Round "-"]
[White "David Carter"]
[Black "Phillip Beckett"]
[Result "1-0"]
[WhiteCountry "USA"]
[BlackCountry "ENG"]
[WhiteElo "2109"]
[WhiteRD "81"]
[BlackElo "1531"]
[BlackRD "49"]
[GameID "362803"]

1. d4 d5 2. c4 e6 3. Nc3 Nf6 4. Bg5 Be7 5. e3 h6 6. Bh4 O-O 7. Nf3 Ne4 8. Bxe7 Qxe7 9. Nxe4 dxe4 10. Nd2 f5
11. Be2 Nd7 12. O-O c5 13. Nb3 cxd4 14. Qxd4 Qc5 15. Nxc5
1-0

[Event "Blitz 'til your eyes bleed!"]
[Site "SchemingMind.com"]
[Date "2014.08.09"]
[Round "-"]
[White "Scooter"]
[Black "David Carter"]
[Result "0-1"]
[WhiteCountry "USA"]
[BlackCountry "USA"]
[WhiteElo "1759"]
[WhiteRD "45"]
[BlackElo "2109"]
[BlackRD "81"]
[GameID "362804"]

1. d4 d5 2. Nf3 Nf6 3. Bf4 e6 4. e3 c5 5. c3 Nc6 6. Bb5 Qb6 7. Qb3 Nd7 8. O-O Be7 9. Bxc6 bxc6 10. Nbd2 O-O
11. Qxb6 axb6 12. h3 Bb7 13. Ne5 Nxe5 14. Bxe5 f6 15. Bg3 Ba6 16. Rfe1 Bd3 17. dxc5 bxc5 18. e4 Kf7 19. b3 Ra3 20. exd5 cxd5
21. Nb1 Ra6 22. Nd2 Rfa8 23. a4 c4 24. bxc4 dxc4 25. Re3 Rxa4 26. Rxa4 Rxa4 27. Ne4 e5 28. f4 f5 29. Nf2 e4 30. Nxd3 cxd3
31. Re1 Rc4 32. Bf2 Rxc3
0-1

[Event "Blitz 'til your eyes bleed!"]
[Site "SchemingMind.com"]
[Date "2014.08.08"]
[Round "-"]
[White "David Carter"]
[Black "Scooter"]
[Result "1-0"]
[WhiteCountry "USA"]
[BlackCountry "USA"]
[WhiteElo "2109"]
[WhiteRD "81"]
[BlackElo "1759"]
[BlackRD "45"]
[GameID "362805"]

1. d4 Nf6 2. c4 g6 3. Nc3 Bg7 4. e4 d6 5. f4 O-O 6. Nf3 Bg4 7. Be3 Re8 8. h3 Bxf3 9. Qxf3 a6 10. e5 dxe5
11. dxe5 Nfd7 12. Qxb7
1-0

[Event "Blitz 'til your eyes bleed!"]
[Site "SchemingMind.com"]
[Date "2014.08.08"]
[Round "-"]
[White "David Carter"]
[Black "kenneth m day"]
[Result "1-0"]
[WhiteCountry "USA"]
[BlackCountry "USA"]
[WhiteElo "2069"]
[WhiteRD "77"]
[BlackElo "1708"]
[BlackRD "50"]
[GameID "362806"]

1. d4 d5 2. c4 Nc6 3. cxd5 Qxd5 4. e3 Nf6 5. Nc3 Qd8 6. Nf3 Bg4 7. Be2 e6 8. h3 Bh5 9. Qa4 h6 10. g4 Bg6
11. Ne5 Bd6 12. Nxg6 fxg6 13. Qb3 Qd7 14. Qxb7 Rb8 15. Qa6 Nb4 16. Qxa7 O-O 17. O-O Nc6 18. Qa4 Ra8 19. Qc2 Nb4 20. Qxg6 Qf7
21. Qxf7+ Rxf7 22. Bc4 Re7 23. Bd2 Nc2 24. Rac1 Nb4 25. a3 Nc6 26. f4 Kh8 27. e4 Nxd4 28. e5 Bxe5 29. fxe5 Nd7 30. Nb5 Nxb5
31. Bxb5 Nxe5 32. Bb4 Rf7 33. Rxf7 Nxf7 34. Rxc7 Ne5 35. Bc3 Ng6 36. Rxg7
1-0

[Event "Blitz 'til your eyes bleed!"]
[Site "SchemingMind.com"]
[Date "2014.08.08"]
[Round "-"]
[White "kenneth m day"]
[Black "David Carter"]
[Result "0-1"]
[WhiteCountry "USA"]
[BlackCountry "USA"]
[WhiteElo "1754"]
[WhiteRD "50"]
[BlackElo "2109"]
[BlackRD "81"]
[GameID "362807"]

1. e4 e5 2. f4 d5 3. exd5 exf4 4. Nf3 Bd6 5. d4 c6 6. Nc3 Ne7 7. Qe2 O-O 8. Bd2 Nxd5 9. O-O-O Re8 10. Qf2 Ne3
11. Re1 Bf5 12. Bxe3 fxe3 13. Qe2 Na6 14. g3 Nb4 15. Ne5 Nxc2 16. Rd1 Qg5 17. Nxf7 Kxf7 18. Qc4+ Be6 19. Qe2 Nb4 20. a3 Bg4
21. Qc4+ Nd5 22. Be2 Re6 23. h4 Bxe2 24. Qxe2 Nxc3 25. bxc3 Bxa3+ 26. Kb1 Qb5+ 27. Ka2 Qxe2+
0-1

[Event "Blitz 'til your eyes bleed!"]
[Site "SchemingMind.com"]
[Date "2014.08.08"]
[Round "-"]
[White "David Carter"]
[Black "SAMAEL"]
[Result "1-0"]
[WhiteCountry "USA"]
[BlackCountry "CAN"]
[WhiteElo "2109"]
[WhiteRD "81"]
[BlackElo "1801"]
[BlackRD "58"]
[GameID "362808"]

1. d4 d5 2. c4 e6 3. Nc3 Nf6 4. Bg5 Be7 5. e3 Nbd7 6. Nf3 h6 7. Bh4 O-O 8. Bd3 c6 9. O-O Nh7 10. Bxe7 Qxe7
11. Qc2 f5 12. cxd5 cxd5 13. Rac1 Ndf6 14. Ne5 Bd7 15. Ng6 Qf7 16. Nxf8 Nxf8 17. f3 Bc6 18. b4 a6 19. a4 Rc8 20. b5 axb5
21. axb5 Be8 22. Qb3 N8d7 23. Na4 Rxc1 24. Rxc1 Nf8 25. Qb4 Ng6 26. Qd6 Qe7 27. Qxe7 Nxe7 28. Rc7 Kf8 29. Rxb7 Bd7 30. Nc5 Bc8
31. Rb8 Kf7 32. b6 Nd7 33. Rxc8
1-0

[Event "Blitz 'til your eyes bleed!"]
[Site "SchemingMind.com"]
[Date "2014.08.09"]
[Round "-"]
[White "SAMAEL"]
[Black "David Carter"]
[Result "0-1"]
[WhiteCountry "CAN"]
[BlackCountry "USA"]
[WhiteElo "1801"]
[WhiteRD "58"]
[BlackElo "2109"]
[BlackRD "81"]
[GameID "362809"]

1. Nf3 d5 2. e3 Nf6 3. d4 e6 4. Be2 c5 5. Nc3 Nc6 6. Bd2 Be7 7. O-O O-O 8. h3 b6 9. a3 Bb7 10. Na2 Ne4
11. c3 a5 12. Nh2 c4 13. Bf3 Nd6 14. Qc2 f5 15. Rfe1 b5 16. Nc1 Ne4 17. Ne2 Qd7 18. Rad1 b4 19. Bxe4 fxe4 20. axb4 axb4
21. cxb4 Bxb4 22. Ra1 Qf7 23. Bc3 Qxf2+ 24. Kh1 Qxe3 25. Ng1 Qd3 26. Qc1 Rxa1 27. Qxa1 Bd6 28. Rd1 Qg3 29. Ng4 Rf2
0-1

[Event "Blitz 'til your eyes bleed!"]
[Site "SchemingMind.com"]
[Date "2014.08.12"]
[Round "-"]
[White "BigDoggProblem"]
[Black "j4orce"]
[Result "1-0"]
[WhiteCountry "USA"]
[BlackCountry "USA"]
[WhiteElo "1940"]
[WhiteRD "75"]
[BlackElo "1550"]
[BlackRD "76"]
[GameID "362969"]

1. e4 Nf6 2. e5 Nd5 3. c4 Nb6 4. d4 d5 5. c5 Nc4 6. Bxc4 dxc4 7. Qa4+ Bd7 8. Qxc4 Nc6 9. Be3 Be6 10. Qc3 Bd5
11. Nf3 Bxf3 12. gxf3 Qd5 13. Nd2 e6 14. b4 b5 15. a4 Rb8 16. axb5 Rxb5 17. Ra4 Be7 18. Ke2 h6 19. Rg1 g6 20. Nb1 Bh4
21. Na3 Rb7 22. b5 Ne7 23. Rb1 c6 24. b6 Nc8 25. bxa7 Rxa7 26. Rxa7 Nxa7 27. Rb8+ Bd8 28. Qa5 Qd7 29. Rxd8+ Qxd8 30. Qxa7 Kf8
31. Nc4 Kg7 32. Nd6 Rf8 33. Bd2 Qh4 34. Ne4 Qd8 35. Bc3 g5 36. Nd6 g4 37. f4 Qh4 38. Ne4 Qxh2 39. Bd2 Qg2 40. Ng3 Qf3+
41. Ke1 Kg6 42. Qe7 Ra8 43. Qf6+ Kh7 44. Qxf7+ Kh8 45. Qf6+ Kh7 46. Qf7+ Kh8 47. Bc1 Qc3+ 48. Kf1 Qxc1+ 49. Kg2 Ra1 50. Qe8+ Kh7
51. Qe7+ Kh8 52. Qf8+= Kh7 53. Qf7+ Kh8 54. Qf8+ Kh7 55. Qf7+ Kh8 56. Qf8+ Kh7 57. Qf7+ Kh8= 58. Qf8+ Kh7 59. Qf7+ Kh8 60. Qf8+ Kh7
61. Qf7+ Kh8 62. Qf8+ Kh7 63. Qf7+ Kh8 64. Qf8+ Kh7 65. Qf7+ Kh8 66. Qf6+
1-0

[Event "Blitz 'til your eyes bleed!"]
[Site "SchemingMind.com"]
[Date "2014.08.12"]
[Round "-"]
[White "j4orce"]
[Black "BigDoggProblem"]
[Result "0-1"]
[WhiteCountry "USA"]
[BlackCountry "USA"]
[WhiteElo "1550"]
[WhiteRD "76"]
[BlackElo "1940"]
[BlackRD "75"]
[GameID "362970"]

1. e4 d6 2. d4 Nf6 3. Nc3 g6 4. h3 Bg7 5. Bf4 O-O 6. Bc4 Nxe4 7. Nxe4 d5 8. Be5 dxc4 9. Bxg7 Kxg7 10. Nf3 c6
11. Qe2 b5 12. Rd1 Nd7 13. d5 Bb7 14. dxc6 Bxc6 15. Ne5 Qa5+ 16. Nd2 Bxg2 17. Rg1 Bxh3 18. Nxd7 Bxd7 19. c3 Qc7 20. a3 Bf5
21. Ne4 Rad8 22. Ng3 Bd3 23. Qe3 Rd5 24. f4 Rfd8 25. Kf2 Qb6 26. Rde1 Qxe3+ 27. Rxe3 e6 28. Kf3 a6 29. Ne4 Bxe4+ 30. Rxe4 Rd2
31. b4 R8d3+ 32. Kg4 f5+
0-1

[Event "Blitz 'til your eyes bleed!"]
[Site "SchemingMind.com"]
[Date "2014.08.16"]
[Round "-"]
[White "emvarela"]
[Black "j4orce"]
[Result "1-0"]
[WhiteCountry "ARG"]
[BlackCountry "USA"]
[WhiteElo "1633"]
[WhiteRD "47"]
[BlackElo "1550"]
[BlackRD "76"]
[GameID "362971"]

1. e4 e5 2. Nf3 Nc6 3. Bb5 Nf6 4. O-O Bc5 5. c3 h6 6. Qe2 O-O 7. Bxc6 bxc6 8. d4 exd4 9. cxd4 Bb6 10. Nc3 a5
11. Be3 Ba6 12. Qd2 Bxf1 13. Kxf1 d6 14. e5 Nd5 15. Nxd5 cxd5 16. exd6 Qxd6 17. Rc1 Rfe8 18. Bf4 Qd8 19. a4 Qc8 20. Ne5 Ba7
21. Nxf7 Qa6+ 22. Kg1 Re2 23. Nxh6+ gxh6 24. Qc3 Bb6 25. Bxh6 Re7 26. Qg3+ Kh7 27. Bf4 Qe2 28. Qh4+ Kg8 29. Qg5+ Kf7 30. Qxd5+ Kg6
31. Rc6+ Kg7 32. Qg5+ Kf8 33. Rf6+ Ke8 34. Qg8+ Kd7 35. Qd5+ Ke8 36. Qxa8+ Kd7 37. Qc6+ Kd8 38. Rf8+
1-0

[Event "Blitz 'til your eyes bleed!"]
[Site "SchemingMind.com"]
[Date "2014.08.16"]
[Round "-"]
[White "j4orce"]
[Black "emvarela"]
[Result "0-1"]
[WhiteCountry "USA"]
[BlackCountry "ARG"]
[WhiteElo "1550"]
[WhiteRD "76"]
[BlackElo "1633"]
[BlackRD "47"]
[GameID "362972"]

1. Nf3 Nf6 2. d4 d5 3. Nc3 e6 4. a3 c5 5. dxc5 Bxc5 6. e3 O-O 7. Bd3 Nc6 8. O-O a6 9. h3 b5 10. b4 Bb6
11. Ne2 e5 12. Bxh7+ Nxh7 13. Bb2 e4 14. Nfd4 Nxd4 15. exd4 Qf6 16. Qd2 Ng5 17. Qe3 Bc7 18. Bc1 Nf3+ 19. gxf3 Bxh3 20. fxe4 Bxf1
21. Kxf1 Qh4 22. e5 Qh1+ 23. Ng1 Qe4 24. Qc3 Bb6 25. Be3 Rac8 26. Qb3 Rxc2 27. Re1 Rfc8 28. Qb1 Qd3+ 29. Kg2 Bxd4 30. Bxd4 Qxd4
31. Kf1 Qxf2#
0-1

[Event "Blitz 'til your eyes bleed!"]
[Site "SchemingMind.com"]
[Date "2014.08.11"]
[Round "-"]
[White "Phillip Beckett"]
[Black "j4orce"]
[Result "1-0"]
[WhiteCountry "ENG"]
[BlackCountry "USA"]
[WhiteElo "1531"]
[WhiteRD "49"]
[BlackElo "1577"]
[BlackRD "82"]
[GameID "362973"]

1. d4 d5 2. e3 Bf5 3. c4 Nc6 4. a3 Nf6 5. Nc3 e6 6. Bd3 Be7 7. Bxf5 exf5 8. cxd5 Nxd5 9. Nf3 f4 10. Nxd5 Qxd5
11. O-O fxe3 12. fxe3 O-O-O 13. b4 h5 14. Bb2 g5 15. Ne5 Nxe5 16. dxe5 Qe6 17. Qa4 Kb8 18. Rfd1 Qb6 19. Bd4 c5 20. bxc5 Bxc5
21. Rab1 Qc7 22. Rbc1 Qc6 23. Qxc6 bxc6 24. Bxc5 Rde8 25. Rd7 a5 26. Bd6+ Kc8 27. Rc7+ Kd8 28. R1xc6 Rh6 29. Ra6 Rxd6 30. exd6
1-0

[Event "Blitz 'til your eyes bleed!"]
[Site "SchemingMind.com"]
[Date "2014.08.11"]
[Round "-"]
[White "j4orce"]
[Black "Phillip Beckett"]
[Result "0-1"]
[WhiteCountry "USA"]
[BlackCountry "ENG"]
[WhiteElo "1550"]
[WhiteRD "76"]
[BlackElo "1606"]
[BlackRD "49"]
[GameID "362974"]

1. d4 d5 2. Nf3 Nf6 3. Nc3 e6 4. Bf4 c6 5. e3 Bd6 6. Bd3 Bxf4 7. exf4 Nbd7 8. h3 c5 9. Bb5 cxd4 10. Qxd4 a6
11. Bd3 O-O 12. O-O Qb6 13. b3 Qxd4 14. Nxd4 Nc5 15. Be2 Nce4 16. Nxe4 Nxe4 17. Nf3 Bd7 18. Bd3 Nf6 19. Ne5 Rac8 20. Rac1 Bc6
21. c3 Nd7 22. Nxd7 Bxd7 23. c4 dxc4 24. bxc4 Bc6 25. Rfe1 Rfd8 26. Re3 Rd4 27. g3 Rcd8 28. Be2 Rd2 29. f5 exf5 30. Re1 Rxa2
31. Bd3 g6 32. Be2 Rad2 33. f3 Kf8 34. Bf1 Rd1 35. Kf2 R8d2+ 36. R3e2 Rxe2+ 37. Bxe2 Rxe1 38. Kxe1 Ke7 39. Kd2 Kd6 40. Ke3 Kc5
41. g4 fxg4 42. hxg4 b5 43. cxb5 Bxb5 44. Bd1 f6 45. f4 a5 46. Bc2 a4 47. Bb1 a3 48. Kd2 Bc4 49. Kc1 a2 50. Kb2 axb1=Q+
51. Kxb1 Kd4
0-1

[Event "Blitz 'til your eyes bleed!"]
[Site "SchemingMind.com"]
[Date "2014.08.11"]
[Round "-"]
[White "Scooter"]
[Black "j4orce"]
[Result "0-1"]
[WhiteCountry "USA"]
[BlackCountry "USA"]
[WhiteElo "1759"]
[WhiteRD "45"]
[BlackElo "1577"]
[BlackRD "82"]
[GameID "362975"]

1. d4 d5 2. Nf3 Nc6 3. Bf4 h6 4. e3 a6 5. c3 Bg4 6. Be2 e6 7. O-O Nf6 8. Nbd2 Bd6 9. Bxd6 Qxd6 10. h3 Bf5
11. Re1 g5 12. c4 Qd7 13. cxd5 exd5 14. a3 g4 15. hxg4 Bxg4 16. Nh2 h5 17. Nxg4 hxg4 18. g3 O-O-O 19. Kg2 Rh5 20. Rh1 Rdh8
21. Rxh5 Rxh5 22. Nf1 Kb8 23. Nh2 Rg5 24. b4 Qf5 25. Bd3 Ne4 26. Bxe4 Qxe4+ 27. Kg1 Ne7 28. Rc1 Rh5 29. Qxg4 Qh7 30. Qd7 Nc6
31. Nf1 Qe4 32. Nh2 Qh7 33. Qe8+ Ka7 34. Nf1 Rh1+ 35. Kg2 Qh3+ 36. Kf3 Rxf1 37. Rxf1 Qxf1 38. Qxf7 Qh1+ 39. Ke2 Kb6 40. Qf8 Kb5
41. g4 Qe4 42. Qc5+ Ka4 43. b5 axb5
0-1

[Event "Blitz 'til your eyes bleed!"]
[Site "SchemingMind.com"]
[Date "2014.08.11"]
[Round "-"]
[White "j4orce"]
[Black "Scooter"]
[Result "0-1"]
[WhiteCountry "USA"]
[BlackCountry "USA"]
[WhiteElo "1577"]
[WhiteRD "82"]
[BlackElo "1759"]
[BlackRD "45"]
[GameID "362976"]

1. d4 Nf6 2. Nc3 g6 3. e4 d6 4. Bf4 Bg7 5. Bc4 O-O 6. h3 a6 7. Nf3 b5 8. Bd3 Bb7 9. e5 dxe5 10. Bxe5 Nbd7
11. Qe2 Nxe5 12. dxe5 Nd5 13. Nxd5 Bxd5 14. Rd1 Bxf3 15. Qxf3 c5 16. Be4 Qa5+ 17. c3 Rad8 18. O-O Bxe5 19. a3 Rxd1 20. Rxd1 Rd8
21. b4 Rxd1+ 22. Qxd1 Qxa3 23. g3 Qxc3 24. Qd8+ Kg7 25. Qxe7 Qe1+ 26. Kg2 Qxe4+ 27. Kf1 cxb4 28. Qa7 b3
0-1

[Event "Blitz 'til your eyes bleed!"]
[Site "SchemingMind.com"]
[Date "2014.08.12"]
[Round "-"]
[White "David Carter"]
[Black "j4orce"]
[Result "1-0"]
[WhiteCountry "USA"]
[BlackCountry "USA"]
[WhiteElo "2109"]
[WhiteRD "81"]
[BlackElo "1577"]
[BlackRD "82"]
[GameID "362977"]

1. d4 d5 2. c4 Nf6 3. cxd5 Nxd5 4. e4 Nb6 5. Nc3 e6 6. Nf3 h6 7. Bf4 Bd6 8. Qd2 a6 9. Rd1 Nc6 10. Be2 g5
11. Bxd6 cxd6 12. d5 exd5 13. exd5 Ne7 14. Qd4 Rg8 15. O-O g4 16. Nd2 h5 17. Nde4 Nd7 18. Nxd6+ Kf8 19. Qf4 Rg7 20. Nce4 Nxd5
21. Rxd5 Kg8 22. Rg5 Qf8 23. Bc4 Kh7 24. Rxh5+ Kg8 25. Nxf7 Rxf7 26. Bxf7+ Qxf7 27. Rh8+ Kxh8 28. Qxf7 b5 29. Ng5
1-0

[Event "Blitz 'til your eyes bleed!"]
[Site "SchemingMind.com"]
[Date "2014.08.12"]
[Round "-"]
[White "j4orce"]
[Black "David Carter"]
[Result "0-1"]
[WhiteCountry "USA"]
[BlackCountry "USA"]
[WhiteElo "1577"]
[WhiteRD "82"]
[BlackElo "2109"]
[BlackRD "81"]
[GameID "362978"]

1. d4 d5 2. Nf3 Nf6 3. Bg5 Nbd7 4. Nc3 h6 5. Bf4 c6 6. e3 g5 7. Be5 Bg7 8. Bd3 O-O 9. Qe2 b5 10. Bxf6 exf6
11. h3 Re8 12. Kf1 Nf8 13. e4 dxe4 14. Nxe4 f5 15. Ne5 Bxe5 16. dxe5 Rxe5 17. Rd1 Qe7 18. f3 fxe4 19. Bxe4 f5 20. Qd3 fxe4
21. Qc3 exf3 22. gxf3 Re3 23. Rd3 Rxd3 24. Qxd3 Be6 25. b3 Rd8 26. Qc3 Rd1+ 27. Kg2 Bxh3+ 28. Rxh3 Qe2+ 29. Kg3 Rg1#
0-1

[Event "Blitz 'til your eyes bleed!"]
[Site "SchemingMind.com"]
[Date "2014.08.12"]
[Round "-"]
[White "kenneth m day"]
[Black "j4orce"]
[Result "1-0"]
[WhiteCountry "USA"]
[BlackCountry "USA"]
[WhiteElo "1708"]
[WhiteRD "50"]
[BlackElo "1550"]
[BlackRD "76"]
[GameID "362979"]

1. e4 e5 2. f4 exf4 3. Nf3 d6 4. d4 Nc6 5. Bxf4 Bg4 6. Bb5 a6 7. Be2 Bxf3 8. Bxf3 Qh4+ 9. Bg3 Qg5 10. O-O O-O-O
11. Nc3 h5 12. Bf2 Nf6 13. Qd3 h4 14. h3 Nh5 15. Bxh5 Rxh5 16. Be3 Qe7 17. Nd5 Qd7 18. a3 g5 19. Nf6 Qe7 20. Nxh5 Kb8
21. Rf5 Bh6 22. Raf1 Rf8 23. Nf6 Nd8 24. Nd5 Qe6 25. Rf6 Qd7 26. Rxh6 g4 27. Nf6 Qe7 28. Nxg4 Ne6 29. Nf6 Qd8 30. Rxh4 c6
31. Rh6 Qb6 32. Nd7+
1-0

[Event "Blitz 'til your eyes bleed!"]
[Site "SchemingMind.com"]
[Date "2014.08.12"]
[Round "-"]
[White "j4orce"]
[Black "kenneth m day"]
[Result "0-1"]
[WhiteCountry "USA"]
[BlackCountry "USA"]
[WhiteElo "1550"]
[WhiteRD "76"]
[BlackElo "1708"]
[BlackRD "50"]
[GameID "362980"]

1. Nf3 d5 2. d4 Nf6 3. Nc3 g6 4. Bg5 Bg7 5. h3 O-O 6. e3 Nc6 7. Bd3 Nb4 8. a3 Nxd3+ 9. cxd3 h6 10. Bf4 Nh5
11. Be5 f6 12. Bh2 c6 13. O-O Rf7 14. Re1 e5 15. dxe5 fxe5 16. Bxe5 Nf6 17. d4 Qe7 18. Bxf6 Qxf6 19. e4 dxe4 20. Nxe4 Qf4
21. Rc1 Bf5 22. Ng3 Bd7 23. Rc4 Qd6 24. Re4 Re8 25. b4 Qf6 26. d5 cxd5 27. Rxe8+ Bxe8 28. Qxd5 Bc6 29. Qd2 Bxf3 30. Rf4 Qxf4
31. Qxf4 Rxf4
0-1

[Event "Blitz 'til your eyes bleed!"]
[Site "SchemingMind.com"]
[Date "2014.08.11"]
[Round "-"]
[White "SAMAEL"]
[Black "j4orce"]
[Result "0-1"]
[WhiteCountry "CAN"]
[BlackCountry "USA"]
[WhiteElo "1763"]
[WhiteRD "52"]
[BlackElo "1550"]
[BlackRD "76"]
[GameID "362981"]

1. e4 Nf6 2. d3 e5 3. Nf3 Nc6 4. Nc3 h6 5. h3 d5 6. exd5 Nxd5 7. Bd2 a6 8. a3 Be6 9. Be2 Bd6 10. Nh2 Qe7
11. Bf3 Nf6 12. O-O Qd7 13. Ng4 O-O-O 14. Kh1 Nh5 15. Nxe5 Bxe5 16. Bxh5 Bxh3 17. f4 Bd4 18. Kh2 Bf5 19. Rb1 g5 20. Bf3 g4
21. Bxc6 Qxc6 22. Ne2 Bf6 23. Bc3 Bxc3 24. Nxc3 g3+ 25. Kh1 Rd4 26. Qf3 Qg6 27. Ne2 Bg4 28. Qe3 Bxe2 29. Qxe2 Qf6 30. Qg4+ Kb8
31. Qxg3 h5 32. Qe3 Rg8 33. Rf2 Rd6 34. Qe5 Qh4+ 35. Kg1 Qh3 36. Kf1 Qh1+
0-1